| 000 | 00653nam a22001937a 4500 | ||
|---|---|---|---|
| 005 | 20160530150431.0 | ||
| 010 | _a1516EN07 ENG-114868 | ||
| 020 |
_a9788126554621 _c799.00 |
||
| 035 | _aEN-98400 | ||
| 035 | _aB-615192-215 | ||
| 037 |
_adpl _bPansy/Ven |
||
| 037 | _bDBAD/PUB | ||
| 082 | _a658.0076 | ||
| 245 | _aThe official guide for GMAT verbal review 2016 | ||
| 260 |
_aNew Jersey _bJohn Wiley _c2015 |
||
| 300 |
_a330p. : _c28cm(pbk) _bill. |
||
| 942 |
_2ddc _cEN _mOFF _h658.0076 |
||
| 999 |
_c95709 _d95709 |
||